000 00721nas a2200253 4500
001 BR7301860
003 BR-BrBNA
005 20231205082410.0
007 ta
008 230509b bl.|||p| |||| 00| 00por d
040 _aBR-BrBNA
_bpor
_cBiblioteca Nacional de Agricultura
041 _a(Pt)
072 _aQ20
100 1 _aLeitao, M.F.F.
100 1 _aMenezes, T.J.B. de
245 1 _aEstudo comparativo do extrato de tomate enlatado [Brasil]
650 _aEXTRATO
650 _aTOMATE
650 _aENLATADO
650 _aFUNGO
773 0 _tColetanea do Instituto de Tecnologia de Alimentos (Brazil)
_x
_g(1967), v. 2 p. 87-102
_wBR7301860
909 _a202311
_bLúcia
_c55
_dLúcia Elande
942 _2AGRIS
_n0
_cANA
999 _c91469
_d91469